Mercury, Gemini and Apollo Astronauts - Statistics

General Stats
  • This quiz has been taken 1,024 times
  • The average score is 19 of 37
Answer Stats
Missions Answer % Correct
Gemini 8, Apollo 11* Neil Armstrong
97%
Gemini 12, Apollo 11* Edwin "Buzz" Aldrin
94%
Gemini 10, Apollo 11 Michael Collins
85%
Friendship 7, Shuttle John Glenn
82%
Freedom 7, Apollo 14* Alan Shepard
81%
Liberty Bell 7, Gemini 3, Apollo 1 Virgil "Gus" Grissom
77%
Gemini 7, Gemini 12, Apollo 8, Apollo 13 James Lovell
72%
Gemini 4, Apollo 1 Edward White
64%
Gemini 9A, Apollo 10, Apollo 17* Eugene Cernan
56%
Gemini 3, Gemini 10, Apollo 10, Apollo 16*, Shuttle John Young
54%
Apollo 1 Roger Chaffee
53%
Apollo-Soyuz Donald "Deke" Slayton
52%
Sigma 7, Gemini 6A, Apollo 7 Walter "Wally" Schirra
52%
Apollo 13 Fred Haise
51%
Gemini 5, Gemini 11, Apollo 12*, Skylab Charles "Pete" Conrad
50%
Gemini 7, Apollo 8 Frank Borman
50%
Apollo 12*, Skylab Alan Bean
49%
Faith 7, Gemini 5 Gordon "Gordo" Cooper
49%
Aurora 7 Malcolm "Scott" Carpenter
49%
Apollo 13 John "Jack" Swigert
48%
Gemini 8, Apollo 9, Apollo 15* David Scott
47%
Apollo 17* Harrison "Jack" Schmitt
47%
Apollo 16, Shuttle Thomas "Ken" Mattingly
46%
Apollo 16* Charles Duke
40%
Apollo 8 William Anders
40%
Apollo 15* James Irwin
38%
Gemini 11, Apollo 12 Richard Gordon
37%
Apollo 14* Edgar Mitchell
36%
Gemini 6A, Gemini 9A, Apollo 10, Apollo-Soyuz Thomas Stafford
36%
Apollo 14 Stuart Roosa
35%
Gemini 4, Apollo 9 James McDivitt
33%
Apollo 9 Russell "Rusty" Schweickart
32%
Apollo 7 Walter Cunningham
32%
Apollo 17 Ronald Evans
31%
Apollo 7 Donn Eisele
29%
Apollo 15 Alfred Worden
27%
Apollo-Soyuz Vance Brand
26%
No matching quizzes found
Score Distribution
Percent of People with Each Score
Percentile by Number Answered
Your Score History
You have not taken this quiz